Famous People 4 - Statistics

General Stats
  • This quiz has been taken 69 times
  • The average score is 7 of 12
Answer Stats
Picture Hint Answer % Correct
Usain Bolt
97%
Queen Elizabeth II
95%
Joseph Stalin
90%
Mao Zedong
88%
We shall fight on beaches Winston Churchill
88%
William Shakespeare
87%
Chuck Norris
75%
Yoshi
48%
Roald Dahl
27%
George Washington Carver
18%
Ned Kelly
13%
Jens Bergensten
7%
No matching quizzes found
Score Distribution
Percent of People with Each Score
Percentile by Number Answered
Your Score History
You have not taken this quiz